Anuario
সংরক্ষণ করুন:
| সংস্থা লেখক: | |
|---|---|
| বিন্যাস: | গ্রন্থ |
| ভাষা: | স্প্যানিশ |
| প্রকাশিত: |
Valparaíso
Obispado de Valparaíso
1998
|
| বিষয়গুলি: | |
| ট্যাগগুলো: |
ট্যাগ যুক্ত করুন
কোনো ট্যাগ নেই, প্রথমজন হিসাবে ট্যাগ করুন!
|
MARC
| LEADER | 00000nam a2200000 a 4500 | ||
|---|---|---|---|
| 001 | UCH5442 | ||
| 003 | CL-VaPUC | ||
| 008 | 091014e19980000CL |||||||||||||||||spa|d | ||
| 082 | 0 | 4 | |a 282 |b DEP |2 21 |
| 110 | 2 | |a Departamento de Educación Católica |e author |9 541724 | |
| 245 | 1 | 0 | |a Anuario |
| 300 | |a 21 p | ||
| 942 | |c BK | ||
| 945 | |d 20091014 00:00:00 |a ccalabra | ||
| 260 | |a Valparaíso |b Obispado de Valparaíso |c 1998 | ||
| 500 | |a Incluye oración en el año de Dios Padre | ||
| 650 | 0 | |a Iglesia Católica |9 256114 | |
| 650 | 0 | |a Catolicismo |9 258690 | |
| 650 | 0 | |a Cristianismo |9 257361 | |
| 650 | 0 | |a Vida cristiana |9 258753 | |
| 650 | 0 | |a Educación Católica |9 308272 | |
| 650 | 7 | |a ORACIONES |2 CL-VaPUC |9 319212 | |
| 651 | 7 | |a CHILE |2 CL-VaPUC |9 541725 | |
| 583 | |a last modification |c 20091014 00:00:00 |k Rodrigo Vera | ||
| 999 | |c 336581 |d 336579 | ||